40 Most Famous Cities in Hungary on a Map - Statistics

General Stats
  • This quiz has been taken 160 times
  • The average score is 25 of 40
Answers on the Map
Answers color-coded by a green-red scale on the quiz's map according to % correct below.
 
Answer Stats
Wiki Monthly Views Cityquiz Mention Rate Population Answers % Correct
386.59K 56.14% 1685.34K Budapest
100%
33.70K 9.29% 199.86K Debrecen
91%
27.31K 6.96% 127.60K Győr
88%
29.50K 7.27% 139.33K Pécs
87%
32.17K 5.65% 158.80K Szeged
87%
19.61K 3.06% 147.53K Miskolc
81%
20.30K 2.72% 60.33K Sopron
76%
29.30K 2.18% 95.05K Székesfehérvár
75%
13.79K 1.36% 108.12K Kecskemét
73%
18.28K 2.27% 49.18K Eger
72%
12.97K 1.50% 116.28K Nyíregyháza
72%
5.49K 0.82% 23.32K Tata
71%
19.59K 1.68% 28.61K Esztergom
69%
15.78K 1.92% 78.19K Szombathely
68%
7.97K 1.01% 65.83K Tatabánya
68%
8.95K 1.48% 66.06K Szolnok
66%
12.45K 1.31% 55.91K Veszprém
66%
7.76K 0.80% 55.16K Békéscsaba
62%
8.07K 0.90% 54.43K Zalaegerszeg
61%
8.03K 0.94% 59.40K Kaposvár
59%
8.50K 1.26% 23.74K Siófok
59%
6.87K 0.63% 33.94K Mosonmagyaróvár
58%
7.24K 0.78% 18.04K Keszthely
57%
6.60K 0.72% 27.93K Gyula
55%
7.57K 0.66% 43.23K Nagykanizsa
55%
5.92K 0.60% 29.89K Szekszárd
55%
18.24K 0.42% 1.79K Visegrád
54%
6.95K 0.65% 42.10K Dunaújváros
52%
6.78K 0.46% 41.63K Hódmezővásárhely
52%
7.56K 0.77% 17.24K Mohács
52%
10.89K 0.50% 28.52K Szentendre
52%
6.12K 0.99% 34.45K Vác
52%
7.34K 0.43% 32.62K Gödöllő
50%
6.57K 1.65% 33.14K Baja
48%
5.73K 1.10% 29.02K Pápa
46%
7.69K 0.29% 4.49K Hévíz
45%
6.03K 0.34% 11.36K Kőszeg
45%
5.81K - 0.30K Hollókő
40%
5.75K 0.42% 3.53K Tokaj
37%
8.63K 0.39% 9.64K Szigetvár
35%
No matching quizzes found
Score Distribution
Percent of People with Each Score
Percentile by Number Answered
Your Score History
You have not taken this quiz